Josef Žáček : Až budou lumíci létat... : [katalog výstavy] : Galerie hlavního města Prahy, 1995 /

Hlavní autor: Žáček, Josef, 1951-
Další autoři: Pánková, Marcela, 1939-1997
Jazyk: Čeština
Angličtina
Vydáno: Praha : Galerie hlavního města Prahy, 1995
Témata:
Fyzický popis: [35] s. : il. ; 29 cm
Knihy
Uloženo v:
LEADER 01314nam a2200349 a 4500
001 000035703
003 CZ BrMZK
005 20240424161041.0
008 010907s1995 xr e c 0dcze d
015 |a cnb000112576 
020 |a 80-7010-041-9 
040 |a BOA001  |b cze 
041 1 |a cze  |a eng 
045 |a x8x9 
072 7 |a 75  |x Malířství  |2 Konspekt  |9 21 
080 |a 75(437.3)  |2 MRF 
080 |a (083.824)  |2 MRF 
100 1 |a Žáček, Josef,  |d 1951-  |7 jn19981002502  |4 aut 
245 1 0 |a Josef Žáček :  |b Až budou lumíci létat... : [katalog výstavy] : Galerie hlavního města Prahy, 1995 /  |c [Text Marcela Pánková]. 
246 3 3 |a Once lemmings fly up... 
246 3 |a Až budou lumíci létat 
260 |a Praha :  |b Galerie hlavního města Prahy,  |c 1995 
300 |a [35] s. :  |b il. ;  |c 29 cm 
500 |a Náz. a text též angl. - Bibliogr. na konci kat. 
600 1 7 |a Žáček, Josef,  |d 1951-  |7 jn19981002502  |2 czenas 
648 7 |a 20. století  |7 ch460558 
650 0 7 |a české malířství  |y 20. století  |7 ph116864  |2 czenas 
655 7 |a katalogy výstav  |7 fd132536  |2 czenas 
700 1 |a Pánková, Marcela,  |d 1939-1997  |7 jn19990216151  |4 wfw 
910 |a BOA001  |b X2-1014.389 
990 |a BK 
996 6 |b 2610028190  |c X2-1014.389  |l MZK  |r Sklad / do 24 hodin  |n 2  |p p.v.  |w 000035703  |u 000010  |a 1  |e BOA001  |j MZK50  |s P